[Event "Titled Tuesday intern op 21st Feb Late"]
[Site "Chess.com INT"]
[Date "2023.02.21"]
[Round "6"]
[White "Feng, Eric"]
[Black "Jimenez Jimenez, Leandro"]
[Result "0-1"]
[WhiteElo "1961"]
[BlackElo "2157"]
[PlyCount "204"]
[EventDate "2023.02.21"]
[EventType "swiss (blitz)"]
[EventRounds "11"]
[EventCountry "USA"]
[SourceTitle "CBM 212 Extra"]
[Source "ChessBase"]
[SourceDate "2023.03.31"]
[SourceVersion "1"]
[SourceVersionDate "2023.03.31"]
[SourceQuality "1"]

1. d4 d5 2. c4 e5 3. dxe5 d4 4. Nf3 Nc6 5. e3 Bb4+ 6. Bd2 dxe3 7. fxe3 Nge7 8. Be2 0-0 9. 0-0 Ng6 10. Bxb4 Nxb4 11. Nc3 Nc6 12. Qc2 Ncxe5 13. Nxe5 Nxe5 14. Rad1 Qg5 15. Nd5 c6 16. Nf4 Bf5 17. Qc3 Ng4 18. h3 Nf6 19. Bf3 Rfe8 20. Qb3 Re7 21. Rd4 Rae8 22. Re1 Ne4 23. Bxe4 Bxe4 24. Rd2 Qg3 25. Rf2 g6 26. Qc3 h5 27. b4 Bf5 28. Rf3 Qg5 29. Kf2 Be4 30. Rg3 Qe5 31. Qxe5 Rxe5 32. h4 Rd8 33. Ke2 Kf8 34. Rd1 Ree8 35. Rd2 Bf5 36. Ke1 Bg4 37. Nd3 Re4 38. Nf2 Rxd2 39. Kxd2 Rxc4 40. e4 Be6 41. a3 a6 42. Rd3 a5 43. bxa5 Ra4 44. Rd8+ Kg7 45. Rb8 Rxa5 46. Rxb7 Rxa3 47. Ke2 Ra2+ 48. Kf3 c5 49. Rc7 c4 50. g4 Ra3+ 51. Kf4 hxg4 52. Nxg4 Rd3 53. Ne5 Rd1 54. Rc6 Rf1+ 55. Ke3 Rh1 56. Nxc4 Rxh4 57. Nd6 Rh3+ 58. Kd4 Rh1 59. Rc7 Rd1+ 60. Ke5 Ra1 61. Ne8+ Kf8 62. Nf6 Kg7 63. Rc5 Rg1 64. Ne8+ Kf8 65. Rc8 Bxc8 66. Nd6 Be6 67. Kd4 Rg5 68. e5 Rg1 69. Ke3 Rd1 70. Kf4 Rxd6 71. exd6 Ke8 72. Ke5 Kd7 73. Kf6 g5 74. Kxg5 Kxd6 75. Kf6 Kd5 76. Kg5 Ke5 77. Kh4 f5 78. Kg3 Bd5 79. Kf2 f4 80. Ke2 Kf5 81. Kf2 Kg4 82. Kf1 Kg3 83. Kg1 Be4 84. Kf1 Kh2 85. Kf2 Kh3 86. Kf1 Kh2 87. Kf2 Bg2 88. Ke2 Kg1 89. Kd3 f3 90. Ke3 f2 91. Kf4 f1Q+ 92. Kg3 Qf3+ 93. Kh4 Bf1 94. Kg5 Kf2 95. Kh6 Ke3 96. Kg7 Qf4 97. Kh8 Ke4 98. Kg7 Qe5+ 99. Kh7 Qg3 100. Kh8 Kf5 101. Kh7 Kf6 102. Kh8 Qg7# 0-1

[Event "Titled Tuesday intern op 21st Feb Late"]
[Site "Chess.com INT"]
[Date "2023.02.21"]
[Round "9"]
[White "Feng, Eric"]
[Black "Stoyanov, Tsvetan"]
[Result "0-1"]
[WhiteElo "1961"]
[BlackElo "2446"]
[PlyCount "66"]
[EventDate "2023.02.21"]
[EventType "swiss (blitz)"]
[EventRounds "11"]
[EventCountry "USA"]
[SourceTitle "CBM 212 Extra"]
[Source "ChessBase"]
[SourceDate "2023.03.31"]
[SourceVersion "1"]
[SourceVersionDate "2023.03.31"]
[SourceQuality "1"]

1. d4 d5 2. c4 e6 3. Nf3 Nf6 4. g3 Be7 5. Bg2 0-0 6. 0-0 dxc4 7. Ne5 Nc6 8. Bxc6 bxc6 9. Nxc6 Qe8 10. Nxe7+ Qxe7 11. Qc2 e5 12. dxe5 Qxe5 13. Nc3 Bh3 14. Rd1 Bf5 15. Qa4 Ne4 16. Qxc4 Nxc3 17. Qxc3 Qxe2 18. Bf4 Rfe8 19. Re1 Qb5 20. b3 Bh3 21. Rad1 h6 22. f3 Re2 23. Qc4 Qb6+ 24. Rd4 Rxe1+ 25. Kf2 Rf1+ 26. Ke2 Re8+ 27. Be3 Qe6 28. Qc3 Qf5 29. Rf4 Qb5+ 30. Rc4 Rh1 31. a4 Rxh2+ 32. Kd3 Qf5+ 33. Kd4 Rd8# 0-1

[Event "Titled Tuesday intern op 21st Feb Late"]
[Site "Chess.com INT"]
[Date "2023.02.21"]
[Round "8"]
[White "Feng, Eric"]
[Black "Vaglio Mattey, Emanuel"]
[Result "1-0"]
[WhiteElo "1961"]
[BlackElo "2155"]
[PlyCount "95"]
[EventDate "2023.02.21"]
[EventType "swiss (blitz)"]
[EventRounds "11"]
[EventCountry "USA"]
[SourceTitle "CBM 212 Extra"]
[Source "ChessBase"]
[SourceDate "2023.03.31"]
[SourceVersion "1"]
[SourceVersionDate "2023.03.31"]
[SourceQuality "1"]

1. d4 Nf6 2. c4 e6 3. Nf3 d5 4. g3 Be7 5. Bg2 0-0 6. 0-0 dxc4 7. Ne5 c5 8. dxc5 Qc7 9. Nxc4 Qxc5 10. b3 Rd8 11. Qc2 Nc6 12. Ba3 Nb4 13. Bxb4 Qxb4 14. Nc3 Bd7 15. a3 Qc5 16. Bxb7 Rab8 17. Bg2 Rdc8 18. Rfd1 a5 19. Ne4 Nxe4 20. Bxe4 Bb5 21. Bxh7+ Kh8 22. Bd3 Bf6 23. Rac1 Qh5 24. a4 Bc6 25. Nxa5 Qxa5 26. Qc4 Qd5 27. Qxd5 Bxd5 28. Rxc8+ Rxc8 29. Rb1 Rc3 30. b4 Ra3 31. a5 Bd4 32. a6 g6 33. b5 Bb6 34. Rc1 Kg7 35. Kf1 e5 36. f3 Be3 37. Rd1 Bb3 38. Rb1 Ba2 39. Rb2 Bd4 40. b6 Bxb6 41. Rxb6 Bd5 42. Kf2 f5 43. Rd6 Ba8 44. Rd7+ Kf6 45. Bc4 e4 46. Rd8 e3+ 47. Kg2 Ra4 48. Bd3 1-0

[Event "Titled Tuesday intern op 21st Feb Late"]
[Site "Chess.com INT"]
[Date "2023.02.21"]
[Round "5"]
[White "Feng, Eric"]
[Black "Vasquez Schroder, Rodrigo Rafael"]
[Result "0-1"]
[WhiteElo "1961"]
[BlackElo "2513"]
[PlyCount "58"]
[EventDate "2023.02.21"]
[EventType "swiss (blitz)"]
[EventRounds "11"]
[EventCountry "USA"]
[SourceTitle "CBM 212 Extra"]
[Source "ChessBase"]
[SourceDate "2023.03.31"]
[SourceVersion "1"]
[SourceVersionDate "2023.03.31"]
[SourceQuality "1"]

1. d4 d5 2. c4 c6 3. Nf3 Nf6 4. Nbd2 Bf5 5. Nh4 Be4 6. e3 e6 7. Be2 Nbd7 8. 0-0 Bd6 9. b3 Qc7 10. g3 h6 11. Nxe4 dxe4 12. Bb2 g5 13. Ng2 c5 14. d5 Be5 15. Qc2 Bxb2 16. Qxb2 Qe5 17. Qxe5 Nxe5 18. dxe6 fxe6 19. Rad1 Ke7 20. f4 exf3 21. Bxf3 Nxf3+ 22. Rxf3 Rad8 23. Rff1 Ne4 24. Ra1 Rd2 25. Ne1 Re2 26. Nd3 Rd8 27. Rad1 Nc3 28. Nc1 Rxd1 29. Rxd1 Rc2 0-1

[Event "Titled Tuesday intern op 21st Feb Late"]
[Site "Chess.com INT"]
[Date "2023.02.21"]
[Round "10"]
[White "Kleiman, Jake"]
[Black "Feng, Eric"]
[Result "0-1"]
[WhiteElo "2399"]
[BlackElo "1961"]
[PlyCount "66"]
[EventDate "2023.02.21"]
[EventType "swiss (blitz)"]
[EventRounds "11"]
[EventCountry "USA"]
[SourceTitle "CBM 212 Extra"]
[Source "ChessBase"]
[SourceDate "2023.03.31"]
[SourceVersion "1"]
[SourceVersionDate "2023.03.31"]
[SourceQuality "1"]

1. e4 c6 2. Nc3 d5 3. Qe2 d4 4. Nd1 e5 5. d3 Be6 6. g3 Nd7 7. Bh3 Qe7 8. f4 g6 9. Nf2 Bg7 10. Nf3 0-0-0 11. f5 gxf5 12. exf5 Bd5 13. Ne4 Ngf6 14. Bg5 h6 15. Bh4 Qb4+ 16. c3 dxc3 17. bxc3 Qa5 18. 0-0 Rhe8 19. Nd6+ Kc7 20. Nxe8+ Rxe8 21. c4 Qc5+ 22. Kh1 e4 23. cxd5 exf3 24. Qxf3 Nxd5 25. Qh5 Bxa1 26. Rxa1 Qd4 27. Qd1 Nc3 28. Qf1 Re2 29. g4 f6 30. Bg3+ Ne5 31. Rc1 Rd2 32. Qf4 Qd5+ 33. Kg1 Ne2+ 0-1

[Event "PNWCC Online blitz JP 8th"]
[Site "Chess.com INT"]
[Date "2020.05.02"]
[Round "6"]
[White "Feng, Eric"]
[Black "Sarkar, Justin"]
[Result "1/2-1/2"]
[WhiteElo "1898"]
[BlackElo "2380"]
[PlyCount "97"]
[EventDate "2020.05.02"]
[EventType "swiss (blitz)"]
[EventRounds "11"]
[EventCountry "USA"]
[SourceTitle "CBM 195 Extra"]
[Source "ChessBase"]
[SourceDate "2020.05.31"]
[SourceVersion "1"]
[SourceVersionDate "2020.05.31"]
[SourceQuality "1"]

1. d4 Nf6 2. c4 c5 3. d5 e5 4. Nc3 d6 5. e4 g6 6. g3 h5 7. h4 Bh6 8. Bxh6 Rxh6 9. Nf3 Kf8 10. Bh3 Bxh3 11. Rxh3 Kg7 12. Kf1 a6 13. Kg2 Nbd7 14. Rh1 Rb8 15. a4 Qa5 16. Qc2 Ne8 17. Ng5 Qd8 18. Rhf1 Nc7 19. Rae1 f6 20. Nh3 b5 21. axb5 axb5 22. b3 bxc4 23. bxc4 Nb6 24. Qd3 Na6 25. f4 Nb4 26. Qe2 Qd7 27. f5 Rbh8 28. fxg6 Rxg6 29. Rf5 Rgh6 30. Nb5 Nc8 31. Ra1 Kg6 32. Qf3 Rf8 33. Rf1 Qe7 34. g4 hxg4 35. Qxg4+ Kh7 36. Ng5+ Kh8 37. Kh3 Rg8 38. Qg3 fxg5 39. Rf7 Rxh4+ 40. Qxh4+ gxh4 41. Rxe7 Nxe7 42. Nxd6 Ng6 43. Rf5 Nf4+ 44. Kxh4 Rg2 45. Rxe5 Ng6+ 46. Kh3 Nf4+ 47. Kh4 Ng6+ 48. Kh3 Nf4+ 49. Kh4 1/2-1/2